000 00523 a2200181 4500
003 OSt
005 20231204092103.0
008 231204b |||||||| |||| 00| 0 eng d
020 _a8177051911
040 _coclc
082 _a894.8128
_bMAR/C
100 _aMarx, Karl
_92473
245 _aCommunist Manifesto /
_cK. Marx and F. Engels
250 _a8th ed.
260 _aThiruvananthapuram:
_bPrabhath Book House,
_c2014.
300 _a112p.
942 _2ddc
_cBK
_h894.8128
_iMAR/C
_k894.8128
_mMAR/C
999 _c43941
_d43941